000 00815nac a22002651i 4500
003 EG-ScBUE
005 20241015103258.0
008 171204s2004 ii f 000 0 eng d
020 _a8121908922
020 _a9788121908924
040 _aEG-ScBUE
_beng
_erda
_cEG-ScBUE
_dEG-ScBUE
082 0 4 _a515.35
_bRAI
_222
100 1 _aRaisinghania, M. D.,
_eauthor.
245 _aOrdinary and Partial Differential Equations /
_cM. D. Raisinghania.
250 _aEighth revised edition.
264 1 _aNew Delhi :
_bS. Chand & Company Ltd.,
_c2004.
300 _a370 pages ;
_c24 cm
336 _2rdacontent
_atext
_btxt
337 _aunmediated
_2rdamedia
_bn
338 _avolume
_bnc
_2rdacarrier
650 7 _aDifferential equations.
_2BUEsh
651 _2BUEsh
655 _vReading book
942 _cBB
_2ddc
999 _c1254
_d1254